| 000 | 01265nam a2200337 c 4500 | ||
|---|---|---|---|
| 999 |
_c419932 _d419932 |
||
| 003 | BLK | ||
| 005 | 20240408140723.0 | ||
| 008 | 180408b bul|||||r ||||||| ||bul|| | ||
| 040 | _aBLK | ||
| 041 |
_aBUL _cBUL |
||
| 080 |
_aКуклен театър. Марионетен театър. Вж и 791.5 _b792.97 _x(497.215)(091) _z792.97(497.215)(091) |
||
| 139 |
_a25 години Държавен куклен театър - Русе _bД 26 |
||
| 245 | 1 | 0 |
_a25 години Държавен куклен театър - Русе _cсъстав. Крум Гергицов и др. |
| 257 | _aBGR | ||
| 260 |
_c1986 _aРусе |
||
| 300 |
_a38 с. _bс ил. _c20 см |
||
| 380 | _a7 | ||
| 505 | _tСъдържа и: Репертоар на театъра за 1960-1985 г. | ||
| 650 | 0 |
_aКуклен театър - Русе _9267456 |
|
| 653 | _aРусе | ||
| 653 | _aистория | ||
| 700 |
_aГергицов, Крум Евлогиев _d1949- _gТеатровед, литературен критик. _9373646 |
||
| 852 |
_bК _cК 792/Д 26 |
||
| 856 | 4 | _qpdf | |
| 856 | 4 | _qpdf | |
| 942 |
_cKNG _n0 _01 _s1 |
||
| 944 |
_aCR _c2021-06-15 _k30560 _lГеновева Генчева |
||
| 999 | _d419932 | ||
| 999 | _d419932 | ||
| 999 | _d419931 | ||